Easy access: (Record no. 7812)

MARC details
000 -LEADER
fixed length control field 00831nam a22002417a 4500
003 - CONTROL NUMBER IDENTIFIER
control field OSt
005 - DATE AND TIME OF LATEST TRANSACTION
control field 20260126071803.0
008 - FIXED-LENGTH DATA ELEMENTS--GENERAL INFORMATION
fixed length control field 260126b |||||||| |||| 00| 0 eng d
020 ## - INTERNATIONAL STANDARD BOOK NUMBER
International Standard Book Number 0-7674-2281-3.
040 ## - CATALOGING SOURCE
Original cataloging agency DWC-Main lib.
Transcribing agency OC
082 ## - DEWEY DECIMAL CLASSIFICATION NUMBER
Edition number 3rd ed.
Classification number Circ. 808.042 K251e 2002
100 ## - MAIN ENTRY--PERSONAL NAME
Personal name Adams, Katherine N.
245 ## - TITLE STATEMENT
Title Easy access:
Remainder of title the reference handbook for writers/
Statement of responsibility, etc. Katherine N. Adams
250 ## - EDITION STATEMENT
Edition statement 3rd ed.
260 ## - PUBLICATION, DISTRIBUTION, ETC.
Place of publication, distribution, etc. Boston:
Name of publisher, distributor, etc. McGraw-Hill,
Date of publication, distribution, etc. c2002.
300 ## - PHYSICAL DESCRIPTION
Extent xxi, 506 p. ;
Dimensions 22 cm.
504 ## - BIBLIOGRAPHY, ETC. NOTE
Bibliography, etc. note Includes index.
650 ## - SUBJECT ADDED ENTRY--TOPICAL TERM
Topical term or geographic name entry element 1. English Language - Grammar - Handbooks, Manuals, etc.
650 ## - SUBJECT ADDED ENTRY--TOPICAL TERM
Topical term or geographic name entry element 2. English Language - Rhetoric - Handbooks, Manuals, etc.
650 ## - SUBJECT ADDED ENTRY--TOPICAL TERM
Topical term or geographic name entry element 3. Report Writing - Handbooks, Manuals, etc.
700 ## - ADDED ENTRY--PERSONAL NAME
Personal name Keene, Michael L.
942 ## - ADDED ENTRY ELEMENTS (KOHA)
Source of classification or shelving scheme Dewey Decimal Classification
Koha item type Book Circulation
Edition 3rd ed.
Classification part Circ.
Suppress in OPAC No
952 ## - LOCATION AND ITEM INFORMATION (KOHA)
--
Holdings
Withdrawn status Lost status Source of classification or shelving scheme Damaged status Not for loan Home library Current library Shelving location Date acquired Source of acquisition Cost, normal purchase price Total Checkouts Full call number Barcode Date last seen Copy number Price effective from Koha item type Uniform Resource Identifier
    Dewey Decimal Classification     College Library College Library Circulation 08/02/2004 Donation 0.00   Circ. 808.042 K251e 2002 CL40786 01/26/2026 c1 01/26/2026 BK-CIRC